| 000 | 00371nam a2200133Ia 4500 | ||
|---|---|---|---|
| 008 | 240624s9999 xx 000 0 und d | ||
| 041 | _aeng | ||
| 082 | _a303.48 GRE | ||
| 100 | _aGREWAL DAVID SINGH | ||
| 245 | _aNETWORK POWER THE SOCIAL DYNAMICS OF GLO | ||
| 260 |
_c2009 _aNew Delhi _bOxford University press |
||
| 300 | _axxiv, : 405 : p. : cm. ; 23 | ||
| 365 |
_cRS _b30 |
||
| 999 |
_c14636 _d14636 |
||